Délmagyarország. - 1950. augusztus 6., Vasárnap
Elmentve itt :
| Dokumentumtípus: | Újság |
|---|---|
| Megjelent: |
1950-08-06
|
| Sorozat: | Délmagyarország
7 No. 181 |
| Online Access: | http://dmarchiv.bibl.u-szeged.hu/12003 |
| LEADER | 00491nas a2200145 i 4500 | ||
|---|---|---|---|
| 001 | delm12003 | ||
| 005 | 20200414154315.0 | ||
| 008 | 171214s1950 hu n o 0|| hun d | ||
| 022 | |a 0133-025X | ||
| 040 | |a SZTE Délmagyarország Archívum |b hun | ||
| 041 | |a hun | ||
| 245 | 0 | 0 | |a Délmagyarország. - 1950. augusztus 6., Vasárnap |h [elektronikus dokumentum] |
| 260 | |c 1950-08-06 | ||
| 490 | 0 | |a Délmagyarország |v 7 No. 181 | |
| 856 | 4 | 0 | |u http://dmarchiv.bibl.u-szeged.hu/12003/1/dm_1950_181.pdf |z Dokumentum-elérés |